Countries Don Toliver has Visited - Statistics

General Stats
  • This quiz has been taken 26 times
    9 since last reset
  • The average score is 11 of 19
Answer Stats
Continent Country % Correct
Oceania Australia
89%
South America Brazil
89%
North America Canada
89%
Europe France
89%
North America United States of America
89%
Europe Germany
78%
Europe United Kingdom
67%
Europe Belgium
56%
Europe Denmark
56%
Europe Poland
56%
Europe Portugal
56%
Europe Austria
44%
Europe Finland
44%
Europe Ireland
44%
Europe Czech Republic
33%
Europe Netherlands
33%
Europe Romania
33%
Asia Saudi Arabia
33%
Asia United Arab Emirates
33%
No matching quizzes found
Score Distribution
Percent of People with Each Score
Percentile by Number Answered
Your Score History
You have not taken this quiz since the last reset